000 00390nam a22001697a 4500
003 SGT
020 _a9789391208073
082 _a612
_bF25K
100 _aKRISHNA, A.P.
245 _aFUNDAMENTALS MEDICAL PHYSIOLOGY
250 _a1ST
260 _aINDIA
_bINNOVATIVE PUB
_c2025
300 _a596
650 _aPHYSIOLOGY
653 _aFUNDAMENTALS MEDICAL PHYSIOLOGY
942 _2ddc
_cBK
999 _c33400
_d33400